000 00572 a2200205 4500
003 KOHA
005 20260602105338.0
008 260602b tu ||||| |||| 00| 0 tur d
040 _aTR-AnABB
_btur
_cTR-AnABB
041 _atur
082 _a501.1
_bPOI 1949
100 1 _aPoincare, H.
245 1 0 _aBilimin değeri /
_bH. Poincare ; çeviren: Fethi Yücel
260 _aAnkara :
_bMEB,
_c1949
300 _a268 sayfa ;
_c18 cm
490 0 _aFransız klasikleri ;
_v168
650 0 4 _aBilim felsefesi
900 _bCan ÇELIK
942 _2ddc
_cBK
999 _c10400
_d10400